[Event "SRB-chT 2nd League"]
[Site "Vrnjacka Banja"]
[Date "2022.11.08"]
[Round "7.5"]
[White "Molnar, Gabor Roland"]
[Black "Kostic, Branimir"]
[Result "1-0"]
[WhiteElo "2097"]
[BlackElo "2143"]
[PlyCount "81"]
[EventDate "2022.11.04"]
[EventType "team-tourn"]
[EventRounds "11"]
[EventCountry "SRB"]
[SourceTitle "CBM 211 Extra"]
[Source "ChessBase"]
[SourceDate "2023.01.31"]
[SourceVersion "1"]
[SourceVersionDate "2023.01.31"]
[SourceQuality "1"]
[WhiteTeam "Senta"]
[BlackTeam "Pancevo Gligoric"]
[WhiteTeamCountry "SRB"]
[BlackTeamCountry "SRB"]

1. d4 Nf6 2. Nc3 d5 3. Bf4 e6 4. e3 Bd6 5. Qf3 Bxf4 6. exf4 Nbd7 7. Qe3 0-0 8. Nf3 c5 9. dxc5 Qa5 10. 0-0-0 Nxc5 11. Ne5 Nce4 12. Nxe4 Nxe4 13. Kb1 f6 14. Nd3 Qc7 15. f5 exf5 16. f3 Nd6 17. Nf4 Re8 18. Qd4 Be6 19. Nxe6 Rxe6 20. Qxd5 Rae8 21. Bd3 g6 22. Rhe1 Qf7 23. Rxe6 Qxe6 24. Qxe6+ Rxe6 25. c4 b6 26. b4 Kf8 27. Kc2 Ke7 28. Kc3 Nb7 29. Rd2 f4 30. Re2 Rxe2 31. Bxe2 Kd6 32. Kd4 f5 33. Bd1 Nd8 34. c5+ Kc7 35. Ba4 Nf7 36. Bb3 Nd8 37. Bd5 bxc5+ 38. Kxc5 a6 39. a4 h5 40. b5 g5 41. bxa6 1-0

[Event "Belgrade Trophy 31st"]
[Site "Belgrade"]
[Date "2017.11.26"]
[Round "3"]
[White "Katic, Goran"]
[Black "Kostic, Branimir"]
[Result "1-0"]
[WhiteElo "1931"]
[BlackElo "2171"]
[PlyCount "69"]
[EventDate "2017.11.24"]
[EventType "swiss"]
[EventRounds "9"]
[EventCountry "SRB"]
[SourceTitle "CBM 181 Extra"]
[Source "ChessBase"]
[SourceDate "2017.12.12"]
[SourceVersion "1"]
[SourceVersionDate "2017.12.12"]
[SourceQuality "1"]

1. e4 c5 2. c3 Nf6 3. e5 Nd5 4. d4 cxd4 5. Nf3 Nc6 6. Bc4 Nb6 7. Bb3 d6 8. exd6 Qxd6 9. 0-0 Bf5 10. Na3 a6 11. Nxd4 Nxd4 12. cxd4 e6 13. Qf3 Qd7 14. d5 Bxa3 15. dxe6 Bxe6 16. Bxe6 fxe6 17. Qxa3 Nd5 18. Bg5 Rf8 19. Rad1 Rf5 20. Bh4 Kf7 21. Rfe1 Rc8 22. Qb3 Kg8 23. Bg3 Qc6 24. h3 h6 25. Kh2 b5 26. Re2 Rcf8 27. Rde1 R5f6 28. Rc2 Qb7 29. Rec1 Rg6 30. Qd3 Nf4 31. Qf3 Qxf3 32. gxf3 Nd5 33. Rc8 Rgf6 34. Bd6 Rxc8 35. Rxc8+ 1-0

[Event "SRB-ch sf"]
[Site "Belgrade"]
[Date "2016.03.29"]
[Round "9"]
[White "Azaric, Slavko"]
[Black "Kostic, Branimir"]
[Result "1/2-1/2"]
[WhiteElo "2269"]
[BlackElo "2171"]
[PlyCount "42"]
[EventDate "2016.03.21"]
[EventType "swiss"]
[EventRounds "9"]
[EventCountry "SRB"]
[SourceTitle "CBM 171 Extra"]
[Source "ChessBase"]
[SourceDate "2016.04.26"]
[SourceVersion "1"]
[SourceVersionDate "2016.04.26"]
[SourceQuality "1"]

1. Nf3 Nf6 2. g3 b6 3. Bg2 Bb7 4. d3 g6 5. 0-0 Bg7 6. Re1 0-0 7. Nc3 d6 8. e4 Nbd7 9. h3 c5 10. Rb1 Rc8 11. Bg5 h6 12. Bd2 a6 13. a4 Qc7 14. Nh2 e6 15. Qc1 Kh7 16. Ng4 Ng8 17. h4 Ndf6 18. Nh2 Rcd8 19. Ne2 e5 20. c4 Bc6 21. Nc3 Rb8 1/2-1/2

[Event "Belgrade Trophy 29th"]
[Site "Belgrade"]
[Date "2015.11.30"]
[Round "7"]
[White "Stojkovska, Monika"]
[Black "Kostic, Branimir"]
[Result "0-1"]
[WhiteElo "2019"]
[BlackElo "2186"]
[PlyCount "118"]
[EventDate "2015.11.24"]
[EventType "swiss"]
[EventRounds "9"]
[EventCountry "SRB"]
[SourceTitle "CBM 170 Extra"]
[Source "ChessBase"]
[SourceDate "2016.02.25"]
[SourceVersion "1"]
[SourceVersionDate "2016.02.25"]
[SourceQuality "1"]

1. e4 c5 2. Nf3 Nc6 3. Bb5 g6 4. Bxc6 dxc6 5. d3 Bg7 6. h3 Nf6 7. Be3 b6 8. Nc3 0-0 9. Qd2 Re8 10. Bh6 Bh8 11. e5 Nd5 12. 0-0 Nxc3 13. bxc3 c4 14. d4 Qd5 15. Qe2 Bb7 16. Rad1 Rad8 17. Nh4 c5 18. Rfe1 b5 19. f4 cxd4 20. cxd4 f5 21. Qf2 e6 22. Qg3 Kf7 23. c3 Rb8 24. Nf3 Bg7 25. Qh4 Bxh6 26. Qxh6 Kg8 27. Re3 Re7 28. Rd2 Bc6 29. a3 a5 30. Rb2 Rg7 31. h4 Rbb7 32. Ng5 b4 33. axb4 axb4 34. Rg3 b3 35. h5 Be8 36. hxg6 Bxg6 37. Qh4 Ra7 38. Re3 Be8 39. Qf2 Bc6 40. Rh3 Rg6 41. Re2 Rag7 42. Qf1 Qa5 43. Rf2 Bd5 44. Qc1 h6 45. Nf3 Ra7 46. Rh1 Qa1 47. Kh2 Qxc1 48. Rxc1 Kf7 49. Ne1 Rg8 50. Rb1 Rga8 51. Kg3 Ra1 52. Rxa1 Rxa1 53. Nf3 Ra2 54. Nd2 b2 55. Rf1 Ra1 56. Rb1 Rxb1 57. Nxb1 Be4 58. Na3 b1Q 59. Nxb1 Bxb1 0-1

[Event "SRB-chT quality"]
[Site "Belgrade"]
[Date "2010.10.30"]
[Round "10"]
[White "Kostic, Branimir"]
[Black "Popovic, Predrag V"]
[Result "1-0"]
[WhiteElo "2263"]
[BlackElo "2156"]
[PlyCount "49"]
[EventDate "2010.10.09"]
[EventType "team-tourn"]
[EventRounds "11"]
[EventCountry "YUG"]
[SourceTitle "EXT 2011"]
[Source "ChessBase"]
[SourceDate "2010.11.26"]
[SourceVersion "1"]
[SourceVersionDate "2010.11.26"]
[SourceQuality "1"]

1. d4 Nf6 2. c4 e6 3. Nf3 Bb4+ 4. Bd2 Qe7 5. g3 0-0 6. Bg2 Re8 7. 0-0 Bxd2 8. Qxd2 d6 9. Nc3 c6 10. e4 e5 11. d5 c5 12. Ne1 Nbd7 13. Nd3 Nf8 14. Rae1 Ng6 15. h4 a6 16. a3 Qd7 17. b4 b6 18. Rb1 Ra7 19. Qc2 Qg4 20. bxc5 bxc5 21. Rb6 Nxh4 22. gxh4 Qxh4 23. f3 Nh5 24. Qf2 Qg5 25. Ne2 1-0

[Event "Belgrade-chT"]
[Site "Belgrade"]
[Date "2009.10.07"]
[Round "4"]
[White "Nestorovic, Lazar"]
[Black "Kostic, Branimir"]
[Result "1-0"]
[WhiteElo "2240"]
[BlackElo "2283"]
[PlyCount "57"]
[EventDate "2009.10.04"]
[EventType "team-tourn"]
[EventRounds "9"]
[EventCountry "YUG"]
[SourceTitle "CBM 132 Extra"]
[Source "ChessBase"]
[SourceDate "2009.11.03"]
[SourceVersion "1"]
[SourceVersionDate "2009.11.03"]
[SourceQuality "1"]

1. e4 c5 2. Nf3 d6 3. d4 cxd4 4. Nxd4 Nf6 5. Nc3 a6 6. f3 e6 7. Be3 Be7 8. Qd2 Qc7 9. g4 Nc6 10. 0-0-0 0-0 11. g5 Nd7 12. Kb1 Nde5 13. f4 Nxd4 14. Qxd4 Nc6 15. Qd2 b5 16. h4 Bb7 17. Bd3 Na5 18. Qf2 Nc4 19. Bxc4 Qxc4 20. Rd4 Qc7 21. f5 exf5 22. Qxf5 g6 23. Qh3 Rfe8 24. h5 Bf8 25. a3 Rac8 26. Bf4 Rcd8 27. Qh2 Re6 28. Rhd1 Qc5 29. e5 1-0

[Event "Belgrade-chT"]
[Site "Belgrade"]
[Date "2009.10.05"]
[Round "2"]
[White "Sarenac, Ivan"]
[Black "Kostic, Branimir"]
[Result "1-0"]
[WhiteElo "2341"]
[BlackElo "2283"]
[PlyCount "111"]
[EventDate "2009.10.04"]
[EventType "team-tourn"]
[EventRounds "9"]
[EventCountry "YUG"]
[SourceTitle "CBM 132 Extra"]
[Source "ChessBase"]
[SourceDate "2009.11.03"]
[SourceVersion "1"]
[SourceVersionDate "2009.11.03"]
[SourceQuality "1"]

1. e4 c5 2. Nf3 d6 3. d4 cxd4 4. Nxd4 Nf6 5. Nc3 a6 6. Bg5 e6 7. f4 Be7 8. Qf3 Qc7 9. 0-0-0 Nbd7 10. g4 b5 11. Bxf6 gxf6 12. f5 b4 13. fxe6 bxc3 14. exd7+ Bxd7 15. e5 Qb8 16. Qxc3 fxe5 17. Nf5 Qb6 18. Bc4 Bxf5 19. gxf5 Bf6 20. Rhg1 Ke7 21. Qf3 Rab8 22. Bb3 a5 23. Rg4 Qb5 24. a4 Qb7 25. Qd3 Qb6 26. Qd5 Rhf8 27. Rc4 Rbd8 28. Rc6 Qb4 29. Kb1 Rd7 30. Ra6 Qg4 31. Ka2 Qb4 32. Rxa5 Qb6 33. Rb5 Qa7 34. Rb4 Bg5 35. Rc4 Be3 36. Rg4 Kf6 37. Qf3 Bf4 38. Rg2 Qc5 39. Rd5 Qc6 40. Qg4 Rb7 41. Qg7+ Ke7 42. f6+ Ke8 43. Rd1 Rb8 44. Rdg1 Kd7 45. Bxf7 Qxa4+ 46. Kb1 Kc6 47. Bb3 Qe4 48. Rd1 Rxb3 49. Rxd6+ Kxd6 50. Qxf8+ Kc6 51. Qa8+ Rb7 52. Rg7 Qb4 53. Qc8+ Kd6 54. Qxb7 Qe1+ 55. Ka2 Qa5+ 56. Kb3 1-0

[Event "Vojvodina-chT"]
[Site "Sombor"]
[Date "2008.10.03"]
[Round "4"]
[White "Perisic, Radivoj"]
[Black "Kostic, Branimir"]
[Result "1-0"]
[WhiteElo "2318"]
[BlackElo "2289"]
[PlyCount "101"]
[EventDate "2008.10.01"]
[EventType "team-tourn"]
[EventRounds "11"]
[EventCountry "YUG"]
[SourceTitle "EXT 2010"]
[Source "ChessBase"]
[SourceDate "2010.11.25"]
[SourceVersion "1"]
[SourceVersionDate "2010.11.25"]
[SourceQuality "1"]

1. e4 c5 2. Nf3 d6 3. d4 cxd4 4. Nxd4 Nf6 5. Nc3 a6 6. Bg5 e6 7. f4 Nbd7 8. Bc4 Nb6 9. Bb3 Be7 10. Qf3 Qc7 11. 0-0-0 Bd7 12. f5 e5 13. Nde2 Bc6 14. Be3 Nfd7 15. g4 Nc5 16. Bd5 Nba4 17. g5 Rc8 18. f6 Bxd5 19. Rxd5 gxf6 20. gxf6 Bf8 21. Bxc5 Nxc5 22. Rg1 b5 23. Rdd1 Qc6 24. Nd5 a5 25. Kb1 Ne6 26. c3 Qb7 27. Ng3 Rg8 28. Rgf1 b4 29. Nf5 bxc3 30. Nxc3 Nf4 31. Ng7+ Bxg7 32. Rg1 Ne6 33. Nd5 Rb8 34. b3 a4 35. Rd3 Nc5 36. fxg7 Nxd3 37. Nf6+ Ke7 38. Qxd3 axb3 39. Nxg8+ Rxg8 40. axb3 Qb6 41. Rg2 Qb4 42. Kb2 Qb7 43. h4 f5 44. Qc4 Qxe4 45. Qxg8 Qxg2+ 46. Ka3 Qd2 47. Qf8+ Kd7 48. Qf7+ Kc6 49. Qc4+ Kd7 50. g8Q Qa5+ 51. Qa4+ 1-0